Yu-Gi-Oh! - Monstre (1) - Statistiques

Statistiques générales
  • Ce quiz a été pris 454 fois
  • Le résultat moyen est 139 sur 144
Statistiques - réponses
Question Tuile Select % Correct
Qui est Soldat Géant de Pierre ? Non
99%
Qui est Soldat Géant de Pierre ? Non
99%
Qui est Soldat Géant de Pierre ? Non
99%
Qui est Soldat Géant de Pierre ? Non
99%
Qui est Soldat Géant de Pierre ? Non
99%
Qui est Soldat Géant de Pierre ? Non
99%
Qui est Soldat Géant de Pierre ? Non
99%
Qui est Soldat Géant de Pierre ? Non
99%
Qui est Soldat Géant de Pierre ? Non
99%
Qui est Kuriboh ? Non
98%
Qui est Kuriboh ? Non
98%
Qui est Kuriboh ? Non
98%
Qui est Kuriboh ? Non
98%
Qui est Kuriboh ? Non
98%
Qui est Kuriboh ? Non
98%
Qui est Kuriboh ? Non
98%
Qui est Soldat Géant de Pierre ? Non
98%
Qui est Soldat Géant de Pierre ? Oui
98%
Qui est Soldat Géant de Pierre ? Non
98%
Qui est Magicien Sombre ? Non
98%
Qui est Magicien Sombre ? Non
98%
Qui est Magicien Sombre ? Non
98%
Qui est Magicien Sombre ? Non
98%
Qui est Magicien Sombre ? Non
98%
Qui est Magicien Sombre ? Non
98%
Qui est Magicien Sombre ? Non
98%
Qui est Magicien Sombre ? Non
98%
Qui est Magicien Sombre ? Non
98%
Qui est Magicien Sombre ? Non
98%
Qui est Dragon Ailé, Gardien de la Forteresse N°1 ? Non
98%
Qui est Dragon Ailé, Gardien de la Forteresse N°1 ? Non
98%
Qui est Dragon Ailé, Gardien de la Forteresse N°1 ? Non
98%
Qui est Dragon Ailé, Gardien de la Forteresse N°1 ? Non
98%
Qui est Dragon Ailé, Gardien de la Forteresse N°1 ? Non
98%
Qui est Dragon Ailé, Gardien de la Forteresse N°1 ? Non
98%
Qui est Croc Argenté ? Non
98%
Qui est Croc Argenté ? Non
98%
Qui est Croc Argenté ? Non
98%
Qui est Croc Argenté ? Non
98%
Qui est Croc Argenté ? Non
98%
Qui est Croc Argenté ? Non
98%
Qui est Croc Argenté ? Non
98%
Qui est Gazelle, Roi des Bêtes Mythiques ? Non
98%
Qui est Gazelle, Roi des Bêtes Mythiques ? Non
98%
Qui est Gazelle, Roi des Bêtes Mythiques ? Non
98%
Qui est Gazelle, Roi des Bêtes Mythiques ? Non
98%
Qui est Gazelle, Roi des Bêtes Mythiques ? Non
98%
Qui est Gazelle, Roi des Bêtes Mythiques ? Non
98%
Qui est Gazelle, Roi des Bêtes Mythiques ? Non
98%
Qui est Kuriboh ? Non
97%
Qui est Kuriboh ? Non
97%
Qui est Kuriboh ? Non
97%
Qui est Malédiction du Dragon ? Non
97%
Qui est Malédiction du Dragon ? Non
97%
Qui est Malédiction du Dragon ? Non
97%
Qui est Malédiction du Dragon ? Non
97%
Qui est Malédiction du Dragon ? Non
97%
Qui est Malédiction du Dragon ? Non
97%
Qui est Malédiction du Dragon ? Non
97%
Qui est Malédiction du Dragon ? Non
97%
Qui est Malédiction du Dragon ? Non
97%
Qui est Dragon Ailé, Gardien de la Forteresse N°1 ? Non
97%
Qui est Dragon Ailé, Gardien de la Forteresse N°1 ? Non
97%
Qui est Dragon Ailé, Gardien de la Forteresse N°1 ? Non
97%
Qui est Croc Argenté ? Non
97%
Qui est Croc Argenté ? Non
97%
Qui est Croc Argenté ? Non
97%
Qui est Gaïa le Chevalier Implacable ? Non
97%
Qui est Gaïa le Chevalier Implacable ? Non
97%
Qui est Gaïa le Chevalier Implacable ? Non
97%
Qui est Gaïa le Chevalier Implacable ? Non
97%
Qui est Gaïa le Chevalier Implacable ? Non
97%
Qui est Gaïa le Chevalier Implacable ? Non
97%
Qui est Gaïa le Chevalier Implacable ? Non
97%
Qui est Gaïa le Chevalier Implacable ? Non
97%
Qui est Gaïa le Chevalier Implacable ? Non
97%
Qui est Crâne Invoqué ? Non
97%
Qui est Crâne Invoqué ? Non
97%
Qui est Crâne Invoqué ? Non
97%
Qui est Crâne Invoqué ? Non
97%
Qui est Crâne Invoqué ? Non
97%
Qui est Crâne Invoqué ? Non
97%
Qui est Crâne Invoqué ? Non
97%
Qui est Crâne Invoqué ? Non
97%
Qui est Crâne Invoqué ? Non
97%
Qui est Crâne Invoqué ? Non
97%
Qui est Crâne Invoqué ? Non
97%
Qui est Gazelle, Roi des Bêtes Mythiques ? Non
97%
Qui est Gazelle, Roi des Bêtes Mythiques ? Non
97%
Qui est Gazelle, Roi des Bêtes Mythiques ? Non
97%
Qui est Gazelle, Roi des Bêtes Mythiques ? Non
97%
Qui est Bêta, Le Guerrier Magnétique ? Non
97%
Qui est Bêta, Le Guerrier Magnétique ? Non
97%
Qui est Bêta, Le Guerrier Magnétique ? Non
97%
Qui est Bêta, Le Guerrier Magnétique ? Non
97%
Qui est Bêta, Le Guerrier Magnétique ? Non
97%
Qui est Bêta, Le Guerrier Magnétique ? Non
97%
Qui est Bêta, Le Guerrier Magnétique ? Non
97%
Qui est Bêta, Le Guerrier Magnétique ? Non
97%
Qui est Bêta, Le Guerrier Magnétique ? Non
97%
Qui est Kuriboh ? Non
96%
Qui est Kuriboh ? Oui
96%
Qui est Malédiction du Dragon ? Non
96%
Qui est Magicien Sombre ? Oui
96%
Qui est Magicien Sombre ? Non
96%
Qui est Dragon Ailé, Gardien de la Forteresse N°1 ? Non
96%
Qui est Crâne Invoqué ? Oui
96%
Qui est Buster Blader ? Non
96%
Qui est Buster Blader ? Non
96%
Qui est Buster Blader ? Non
96%
Qui est Buster Blader ? Non
96%
Qui est Buster Blader ? Non
96%
Qui est Buster Blader ? Non
96%
Qui est Bêta, Le Guerrier Magnétique ? Non
96%
Qui est Gardien Celte ? Non
96%
Qui est Gardien Celte ? Non
96%
Qui est Gardien Celte ? Non
96%
Qui est Gardien Celte ? Non
96%
Qui est Gardien Celte ? Non
96%
Qui est Gardien Celte ? Non
96%
Qui est Gardien Celte ? Non
96%
Qui est Gardien Celte ? Non
96%
Qui est Gardien Celte ? Non
96%
Qui est Croc Argenté ? Non
95%
Qui est Croc Argenté ? Oui
95%
Qui est Gaïa le Chevalier Implacable ? Non
95%
Qui est Gazelle, Roi des Bêtes Mythiques ? Oui
95%
Qui est Buster Blader ? Non
95%
Qui est Buster Blader ? Non
95%
Qui est Buster Blader ? Non
95%
Qui est Buster Blader ? Non
95%
Qui est Bêta, Le Guerrier Magnétique ? Non
95%
Qui est Bêta, Le Guerrier Magnétique ? Oui
95%
Qui est Gardien Celte ? Non
95%
Qui est Gardien Celte ? Non
95%
Qui est Malédiction du Dragon ? Non
94%
Qui est Gardien Celte ? Oui
94%
Qui est Gaïa le Chevalier Implacable ? Non
93%
Qui est Dragon Ailé, Gardien de la Forteresse N°1 ? Non
92%
Qui est Gaïa le Chevalier Implacable ? Oui
92%
Qui est Malédiction du Dragon ? Oui
91%
Qui est Buster Blader ? Non
90%
Qui est Dragon Ailé, Gardien de la Forteresse N°1 ? Oui
89%
Qui est Buster Blader ? Oui
88%
Aucun quiz correspondant
Distribution des résultats
% des personnes avec chaque résultat
Percentile par nombre de réponses
Votre historique - résultats
Vous n’avez pas pris ce quiz